LEADER 01273nam1 2200385 450 001 990003319590203316 005 20090925134237.0 035 $a000331959 035 $aUSA01000331959 035 $a(ALEPH)000331959USA01 035 $a000331959 100 $a20090925h2004----km-y0itay50------ba 101 $ager 102 $aDE 105 $aa---||||001yy 200 1 $aLakonische Vasenmaler des sechsten Jahnrhunderts v. Chr.$fConrad M. Stibbe 210 $aMainz am Rhein$cVerlag Philipp Von Zabern$d2004 215 $aXIV, 265 p.$cill.$d30 cm 463 \1$1001990003319630203316$12001 $a<<1 :>> Supplement 606 0 $aCeramiche greche$yLaconia$zSec. 6. a.C.$2BNCF 606 0 $aVasi greci$yLaconia$zSec. 6. a.C. 606 0 $aPittura vascolare$yLaconia$zSec. 6. a.C. 676 $a738.3820938 700 1$aSTIBBE,$bConrad M.$0205371 801 0$aIT$bsalbc$gISBD 912 $a990003319590203316 951 $aXI.3.B.$bL.M.$cXI.3. 959 $aBK 969 $aUMA 979 $aPAOLA$b90$c20090925$lUSA01$h1308 979 $aPAOLA$b90$c20090925$lUSA01$h1329 979 $aPAOLA$b90$c20090925$lUSA01$h1329 979 $aCHIARA$b90$c20090925$lUSA01$h1342 996 $aLakonische Vasenmaler des sechsten Jahnrhunderts v. Chr$91121074 997 $aUNISA LEADER 01291nam--2200409---450- 001 990002695490203316 005 20051220101421.0 010 $a88-08-14192-6 035 $a000269549 035 $aUSA01000269549 035 $a(ALEPH)000269549USA01 035 $a000269549 100 $a20051220d1993----km-y0itay0103----ba 101 0 $aita 102 $aIT 105 $aa|||z|||001yy 200 1 $a<> forma delle piante$eguida illustrata alla morfologia delle angiosperme$fAdrian D. Bell$gi disegni al tratto sono di Alan Bryan$g[traduzione di Francesco Bracco] 210 $aBologna$cZanichelli$d1993 215 $a337 p.$cill.$d17x24 cm 410 0$12001 454 1$12001$aPlant form$920057 461 1$1001-------$12001 606 0 $aAngiosperme$xMorfologia 676 $a582.13044 700 1$aBELL,$bAdrian D.$077218 702 1$aBRYAN,$bAlan 702 1$aBRACCO,$bFrancesco 801 0$aIT$bsalbc$gISBD 912 $a990002695490203316 951 $a582.13044 BEL$b4140 Farm.$c582.13044$d00180794 951 $a582.13044 BEL$b4141 Fram.$c582.13044$d00180802 951 $a582.13044 BEL$b4142 Farm.$c582.13044$d00180798 959 $aBK 969 $aFAR 979 $aPECORARO$b90$c20051220$lUSA01$h1014 996 $aPlant form$920057 997 $aUNISA